| 000 | 00440nam a2200157Ia 4500 | ||
|---|---|---|---|
| 008 | 190509s9999 xx 000 0 und d | ||
| 100 | _aMa, Lybi | ||
| 245 | _a2-Minute memoir: travels with 94-year-old Ahma/ | ||
| 245 | _cLybi Ma | ||
| 260 | _bSussex Publisher | ||
| 260 | _c2018 | ||
| 300 | _aPages 40-43, July/August 2018 | ||
| 440 |
_aPsychology Today: Turning Points _v1/2/1900 3:04:00 AM |
||
| 650 | _afamily | ||
| 650 | _areunion | ||
| 999 |
_c361817 _d361817 |
||